<?xml version="1.0" encoding="UTF-8"?><marc:collection xmlns:marc="http://www.loc.gov/MARC21/slim">
  <marc:record>
    <marc:leader>00000nam##2200000za#4500</marc:leader>
    <marc:controlfield tag="001">9.571180</marc:controlfield>
    <marc:controlfield tag="003">CaOODSP</marc:controlfield>
    <marc:controlfield tag="005">20210624182610</marc:controlfield>
    <marc:controlfield tag="007">cr |||||||||||</marc:controlfield>
    <marc:controlfield tag="008">150406|2009||||xxc|||||o    f|0| 0 eng|d</marc:controlfield>
    <marc:datafield tag="040" ind1=" " ind2=" ">
      <marc:subfield code="a">CaOODSP</marc:subfield>
      <marc:subfield code="b">eng</marc:subfield>
    </marc:datafield>
    <marc:datafield tag="043" ind1=" " ind2=" ">
      <marc:subfield code="a">n-cn---</marc:subfield>
    </marc:datafield>
    <marc:datafield tag="086" ind1="1" ind2=" ">
      <marc:subfield code="a">YC25-0/402-6E-PDF</marc:subfield>
    </marc:datafield>
    <marc:datafield tag="110" ind1="1" ind2=" ">
      <marc:subfield code="a">Canada. </marc:subfield>
      <marc:subfield code="b">Parliament. </marc:subfield>
      <marc:subfield code="b">Senate. </marc:subfield>
      <marc:subfield code="b">Standing Committee on Fisheries and Oceans.</marc:subfield>
    </marc:datafield>
    <marc:datafield tag="245" ind1="1" ind2="0">
      <marc:subfield code="a">Proposed changes to the convention of the Northwest Atlantic Fisheries Organization (NAFO) / </marc:subfield>
      <marc:subfield code="h">[electronic resource]</marc:subfield>
      <marc:subfield code="c">The Honourable Bill Rompkey, P.C., chair ; the Honourable Ethel M. Cochrane, deputy chair. </marc:subfield>
    </marc:datafield>
    <marc:datafield tag="246" ind1="3" ind2=" ">
      <marc:subfield code="a">Report of the Standing Senate Committee on Fisheries and Oceans</marc:subfield>
    </marc:datafield>
    <marc:datafield tag="260" ind1=" " ind2=" ">
      <marc:subfield code="a">Ottawa - Ontario : </marc:subfield>
      <marc:subfield code="b">Senate. </marc:subfield>
      <marc:subfield code="c">November 2009.</marc:subfield>
    </marc:datafield>
    <marc:datafield tag="300" ind1=" " ind2=" ">
      <marc:subfield code="a">8p.</marc:subfield>
      <marc:subfield code="b">tables</marc:subfield>
    </marc:datafield>
    <marc:datafield tag="490" ind1="1" ind2=" ">
      <marc:subfield code="a">Report of the Standing Senate Committee on Fisheries and Oceans</marc:subfield>
      <marc:subfield code="v">40th Parliament, 2nd Session, [6th report]</marc:subfield>
    </marc:datafield>
    <marc:datafield tag="590" ind1=" " ind2=" ">
      <marc:subfield code="a">11-12-Supp</marc:subfield>
      <marc:subfield code="b">2011-07-29</marc:subfield>
    </marc:datafield>
    <marc:datafield tag="775" ind1="0" ind2="8">
      <marc:subfield code="t">Le projet de changements à la convention de l'organisation des pêches de l'Atlantique nord-ouest (OPANO) / </marc:subfield>
      <marc:subfield code="w">(CaOODSP)9.601811</marc:subfield>
    </marc:datafield>
    <marc:datafield tag="830" ind1="#" ind2="0">
      <marc:subfield code="a">Report of the Standing Senate Committee on Fisheries and Oceans ;</marc:subfield>
      <marc:subfield code="v">40th Parliament, 2nd Session, [6th report]</marc:subfield>
      <marc:subfield code="w">(CaOODSP)9.505799</marc:subfield>
    </marc:datafield>
    <marc:datafield tag="856" ind1="4" ind2="0">
      <marc:subfield code="a">http://publications.gc.ca</marc:subfield>
      <marc:subfield code="q">PDF</marc:subfield>
      <marc:subfield code="s">220 KB</marc:subfield>
      <marc:subfield code="u">https://publications.gc.ca/collections/collection_2011/sen/yc25-0/YC25-0-402-6-eng.pdf</marc:subfield>
      <marc:subfield code="y">40th Parliament, 2nd Session, [6th report]</marc:subfield>
    </marc:datafield>
  </marc:record>
</marc:collection>
